| 000 | 00996cam a22003011 4500 | ||
|---|---|---|---|
| 001 | 25463 | ||
| 003 | BD-RjUL | ||
| 005 | 20211209050901.0 | ||
| 008 | 140318r19701960enk 001 0 eng d | ||
| 020 | _a0713601787 | ||
| 035 | _a(BD-RjUL)25533 | ||
| 035 | _a(OCoLC)1155650 | ||
| 040 |
_aDLC _cOAU _dUk _dDLC _dBD-RjUL _beng |
||
| 041 | _aeng | ||
| 082 | 0 | 0 |
_a944.04 _bDEB 1970 |
| 245 | 1 | 4 |
_aThe debate on the French Revolution, 1789-1800. / _cEd by Cobban, Alfred, |
| 250 | _a2nd ed | ||
| 260 |
_aLondon : _bN. Kaye, _c1960 [Reprinted 1970] |
||
| 300 |
_axx, 495 p. ; _c21 cm. |
||
| 500 | _aErrata slip inserted. | ||
| 504 | _a"Some books for further reading": p. 493. and Index | ||
| 650 | 0 |
_aPolitical science _zGreat Britain _xHistory _y18th century. _978304 |
|
| 651 | 0 |
_aFrance _xHistory _yRevolution, 1789-1799 _xForeign public opinion. _978305 |
|
| 942 |
_2ddc _cBK |
||
| 999 |
_c25463 _d25463 |
||